Political Theoriws of the Middle Age (Record no. 9645)

MARC details
000 -LEADER
fixed length control field 00624nam a2200241 a 4500
020 ## - INTERNATIONAL STANDARD BOOK NUMBER
ISBN 0521340
082 00 - DEWEY DECIMAL CLASSIFICATION NUMBER
Classification number 320.09
Author Cutter GIE
100 ## - MAIN ENTRY--AUTHOR NAME
Author name Gierke, Otto
245 ## - TITLE STATEMENT
Title Political Theoriws of the Middle Age
260 ## - PUBLICATION, DISTRIBUTION, ETC. (IMPRINT)
Place of publication Cambridge
Name of publisher Cambridge University Press
Year of publication 1987
300 ## - PHYSICAL DESCRIPTION
Number of Pages 197p
500 ## - GENERAL NOTE
General note includes index and biblioraphy
505 2# - FORMATTED CONTENTS NOTE
Formatted contents note Index, Donation
650 ## - SUBJECT ADDED ENTRY--TOPICAL TERM
Topical Term Political Science-History
942 ## - ADDED ENTRY ELEMENTS (KOHA)
Koha item type Books
700 1# -
-- Gierke, Otto
Holdings
Collection code Home library Current library Date acquired Cost, normal purchase price Full call number Accession Number Koha item type
  Henry Martyn Institute Library Henry Martyn Institute Library 04/05/2007 1925.00 320.09 GIE 015370 Books
                   Copyright © 2026 | Henry Martyn Institute | Hyderabad | TS-500052 | INDIA | Implemented by hmi.edu.in
Hit-Count:

Powered by Koha